000 00325 a2200145 4500
001 152087
040 _cEscola São Tomás de Aquino
100 _aQUEIRÓS, Bartolomeu Campos de
240 1 0 _aIndez
_lpor
245 1 0 _aIndez
362 0 _a2004
440 1 _aGlobal
697 _a*LITERATURA INFANTO JUVENIL
942 _cBK
999 _c152087
_d152087